000 00392nam a22001337a 4500
008 230703b xxu||||| |||| 00| 0 eng d
082 _a342.54
_bRAO
100 _cB Shiva Rao
245 _aThe Farming of India's Constitution
_bSelect documents
_cvolume 4
260 _anew delhi
_bthe indian institute of public Administration
_c1968
300 _a960p
440 _vvolume 4
942 _2ddc
_cBK
999 _c3344
_d3344